राजपाल राजभाषा प्रयोग कोश : (Record no. 118529)

MARC details
000 -LEADER
fixed length control field 01269nam a22002657a 4500
005 - DATE AND TIME OF LATEST TRANSACTION
control field 20170124103115.0
010 ## - LIBRARY OF CONGRESS CONTROL NUMBER
LC control number A-888503
020 ## - INTERNATIONAL STANDARD BOOK NUMBER
Terms of availability 200.00
International Standard Book Number 8170280214
035 ## - SYSTEM CONTROL NUMBER
System control number A-888503
037 ## - SOURCE OF ACQUISITION
Source of stock number/acquisition Cen Lib/Ret
040 ## - CATALOGING SOURCE
Original cataloging agency DPL
Language of cataloging HN
082 ## - DEWEY DECIMAL CLASSIFICATION NUMBER
Classification number 483.2
Item number श्रीवास्त
100 ## - MAIN ENTRY--PERSONAL NAME
Personal name श्रीवास्तव, गोपीनाथ
9 (RLIN) 44612
245 ## - TITLE STATEMENT
Title राजपाल राजभाषा प्रयोग कोश :
Statement of responsibility, etc गोपीनाथ श्रीवास्तव
Remainder of title अंग्रेजी हिंदी /
246 ## - VARYING FORM OF TITLE
Title proper/short title Rajpal rajbhasha prayog kosh : hindi angrezi /
Remainder of title by Gopinath Shreevastava
250 ## - EDITION STATEMENT
Edition statement 5th ed
260 ## - PUBLICATION, DISTRIBUTION, ETC. (IMPRINT)
Place of publication, distribution, etc दिल्ली
Name of publisher, distributor, etc राजपाल एंड संस
Date of publication, distribution, etc 1997
270 ## - ADDRESS
City दिल्ली
Address कश्मीरी गेट
Postal code 110006
300 ## - PHYSICAL DESCRIPTION
Extent 267पृ.
Dimensions 20सेमी(सजिल्द )
650 ## - SUBJECT ADDED ENTRY--TOPICAL TERM
Topical term or geographic name as entry element लोक प्रशासन - शब्दकोश
General subdivision
Geographic subdivision
9 (RLIN) 80703
650 ## - SUBJECT ADDED ENTRY--TOPICAL TERM
Topical term or geographic name as entry element बैंकों और बैंकिंग - शब्दकोशों
9 (RLIN) 80704
650 ## - SUBJECT ADDED ENTRY--TOPICAL TERM
Topical term or geographic name as entry element Public administration -- Dictionaries.
9 (RLIN) 80705
650 ## - SUBJECT ADDED ENTRY--TOPICAL TERM
Topical term or geographic name as entry element Banks and banking -- Dictionaries.
9 (RLIN) 80706
942 ## - ADDED ENTRY ELEMENTS (KOHA)
Source of classification or shelving scheme Dewey Decimal Classification
Koha item type Hindi Books
Classification part 483.2
Call number suffix श्रीवास्त
Holdings
Withdrawn status Lost status Damaged status Not for loan Home library Current library Date acquired Source of acquisition Cost, normal purchase price Total Checkouts Total Renewals Full call number Barcode Date last seen Date checked out Copy number Cost, replacement price Price effective from Koha item type
        Central Library Central Library 11/09/2015 Cen Lib/Ref 200.00 1 2 483.2 श्रीवास्त A-888503 28/08/2021 17/07/2021 1 200.00 11/09/2015 Hindi Books

© Delhi Public Library
Hit Counter
free hit counter